[Event "English Schools Championship Final 2024"]
[Site "Nottingham University Kings Meadow Campus, United Kingdom"]
[Date "2024.06.27"]
[Round "2.19"]
[White "Kukreja, Karan"]
[Black "Zheng, Harry Z"]
[Result "0-1"]
[TimeControl "G50' + 10\" per move."]
[WhiteFideId "458821"]
[BlackFideId "460982"]
[WhiteElo "1917"]
[BlackElo "2200"]

1. d4 {[%clk 00:50:20]} {[%emt 01:00:08]} Nf6 {[%clk 00:50:11]} {[%emt
00:00:10]} 2. c4 {[%clk 00:50:29]} e6 {[%clk 00:50:07]} {[%emt 00:00:12]} 3. g3
{[%clk 00:50:39]} d5 {[%clk 00:50:04]} {[%emt 00:00:14]} 4. Bg2 {[%clk
00:50:48]} Be7 {[%clk 00:50:03]} {[%emt 00:00:11]} 5. Nf3 {[%clk 00:50:57]} O-O
{[%clk 00:50:01]} {[%emt 00:00:12]} 6. O-O {[%clk 00:51:06]} {[%emt 00:00:01]}
dxc4 {[%clk 00:49:56]} {[%emt 00:00:15]} 7. Qc2 {[%clk 00:51:15]} {[%emt
00:00:01]} a6 {[%clk 00:49:38]} {[%emt 00:00:29]} 8. a4 {[%clk 00:51:24]} Bd7
{[%clk 00:48:54]} {[%emt 00:00:53]} 9. Qxc4 {[%clk 00:51:21]} {[%emt 00:00:13]}
Bc6 {[%clk 00:48:53]} {[%emt 00:00:11]} 10. Rd1 {[%clk 00:50:10]} {[%emt
00:01:21]} Bd5 {[%clk 00:46:51]} {[%emt 00:02:12]} 11. Qd3 {[%clk 00:50:05]}
{[%emt 00:00:15]} Be4 {[%clk 00:44:59]} {[%emt 00:02:02]} 12. Qc4 {[%clk
00:50:01]} {[%emt 00:00:14]} b5 {[%clk 00:41:45]} {[%emt 00:03:24]} 13. Qb3
{[%clk 00:49:34]} {[%emt 00:00:37]} Bd5 {[%clk 00:36:23]} {[%emt 00:05:32]} 14.
Qc2 {[%clk 00:49:35]} {[%emt 00:00:09]} Nc6 {[%clk 00:35:18]} {[%emt 00:01:15]}
15. Nbd2 {[%clk 00:47:43]} {[%emt 00:02:02]} Nb4 {[%clk 00:30:54]} {[%emt
00:04:34]} 16. Qb1 {[%clk 00:47:42]} {[%emt 00:00:10]} c5 {[%clk 00:29:55]}
{[%emt 00:01:10]} 17. e4 {[%clk 00:42:57]} {[%emt 00:04:54]} Bc6 {[%clk
00:28:54]} {[%emt 00:01:11]} 18. axb5 {[%clk 00:39:59]} {[%emt 00:03:09]} axb5
{[%clk 00:28:27]} {[%emt 00:00:37]} 19. Rxa8 {[%clk 00:39:40]} {[%emt
00:00:29]} Qc8 {[%emt 00:00:11]} 20. Rb8 Qxb8 {[%clk 00:28:26]} 21. dxc5 {[%clk
00:33:23]} {[%emt 00:06:27]} Qa8 {[%clk 00:24:41]} 22. Ne5 {[%clk 00:30:13]}
Bxc5 {[%clk 00:23:46]} 23. Nd3 {[%clk 00:25:57]} {[%emt 00:05:32]} Nxd3 {[%clk
00:22:05]} 24. Qxd3 {[%clk 00:24:26]} Rd8 {[%clk 00:20:07]} {[%emt 00:03:37]}
25. Qe2 {[%clk 00:19:44]} Bb4 {[%clk 00:19:09]} {[%emt 00:05:59]} 26. Re1
{[%clk 00:19:34]} h6 {[%clk 00:15:21]} {[%emt 00:04:18]} 27. f3 {[%clk
00:18:50]} Nd7 {[%clk 00:13:21]} {[%emt 00:03:04]} 28. Kh1 {[%clk 00:17:56]}
Nc5 {[%clk 00:12:30]} {[%emt 00:02:05]} 29. Rd1 {[%clk 00:17:05]} Rd5 {[%emt
00:06:58]} 30. Nf1 Rxd1 {[%clk 00:06:43]} 31. Qxd1 {[%clk 00:17:11]} {[%emt
00:00:04]} Na4 {[%clk 00:05:49]} {[%emt 00:01:05]} 32. Qc2 {[%clk 00:15:33]}
{[%emt 00:01:48]} Bf8 {[%clk 00:05:19]} {[%emt 00:00:39]} 33. b3 {[%clk
00:14:56]} {[%emt 00:00:47]} Nc5 {[%clk 00:04:47]} {[%emt 00:00:42]} 34. Be3
{[%clk 00:14:45]} {[%emt 00:00:21]} Qa3 {[%clk 00:04:26]} {[%emt 00:00:30]} 35.
Nd2 {[%clk 00:14:04]} {[%emt 00:00:51]} e5 {[%clk 00:03:37]} {[%emt 00:01:00]}
36. Bf1 {[%clk 00:13:15]} {[%emt 00:00:58]} Bd7 {[%clk 00:03:00]} {[%emt
00:00:48]} 37. Kg2 {[%clk 00:12:38]} {[%emt 00:00:46]} Qb4 {[%clk 00:02:50]}
{[%emt 00:00:21]} 38. Be2 {[%clk 00:11:42]} {[%emt 00:01:06]} Ne6 {[%clk
00:01:28]} {[%emt 00:01:32]} 39. Qd3 {[%clk 00:10:21]} {[%emt 00:01:31]} Nd4
{[%clk 00:01:26]} {[%emt 00:00:12]} 40. Bxd4 {[%clk 00:09:35]} {[%emt
00:00:55]} Qxd4 {[%clk 00:01:33]} {[%emt 00:00:04]} 41. Qxd4 {[%clk 00:09:00]}
{[%emt 00:00:46]} exd4 {[%clk 00:01:41]} {[%emt 00:00:01]} 42. f4 {[%clk
00:08:21]} {[%emt 00:00:49]} Bb4 {[%clk 00:01:38]} {[%emt 00:00:13]} 43. Nf3
{[%clk 00:08:10]} {[%emt 00:00:21]} Bc3 {[%clk 00:01:47]} {[%emt 00:00:01]} 44.
Bd3 {[%clk 00:06:12]} {[%emt 00:02:08]} Kf8 {[%clk 00:01:52]} {[%emt 00:00:05]}
45. Kf2 {[%clk 00:05:56]} {[%emt 00:00:26]} Ke7 {[%clk 00:01:56]} {[%emt
00:00:07]} 46. Ke2 {[%clk 00:04:53]} {[%emt 00:01:12]} Kd6 {[%clk 00:02:04]}
{[%emt 00:00:02]} 47. Ne5 {[%clk 00:04:34]} {[%emt 00:00:31]} Be8 {[%clk
00:02:12]} 48. Bc2 {[%clk 00:04:38]} {[%emt 00:00:06]} f6 {[%clk 00:00:39]}
{[%emt 00:01:43]} 49. Nd3 {[%clk 00:04:01]} {[%emt 00:00:47]} Bc6 {[%clk
00:00:44]} {[%emt 00:00:05]} 50. Nf2 {[%clk 00:03:38]} {[%emt 00:00:33]} h5
{[%clk 00:00:51]} {[%emt 00:00:04]} 51. f5 {[%clk 00:02:53]} {[%emt 00:00:55]}
Ba5 {[%emt 00:00:51]} 52. Kf3 {[%clk 00:02:31]} {[%emt 00:00:30]} Bc7 {[%clk
00:00:15]} {[%emt 00:00:07]} 53. Nd3 {[%clk 00:02:22]} {[%emt 00:00:18]} Ke7
{[%clk 00:00:17]} {[%emt 00:00:08]} 54. Nb4 {[%clk 00:01:47]} {[%emt 00:00:46]}
Be8 {[%clk 00:00:14]} {[%emt 00:00:13]} 55. Ke2 {[%clk 00:00:52]} {[%emt
00:01:05]} Kd6 {[%clk 00:00:17]} {[%emt 00:00:07]} 56. Nd3 {[%clk 00:00:55]}
{[%emt 00:00:06]} Bf7 {[%clk 00:00:17]} {[%emt 00:00:10]} 57. Kf3 {[%clk
00:00:50]} {[%emt 00:00:15]} Ke7 {[%clk 00:00:23]} {[%emt 00:00:04]} 58. Ke2
{[%clk 00:00:54]} {[%emt 00:00:06]} h4 {[%clk 00:00:28]} {[%emt 00:00:05]} 59.
Kf3 {[%clk 00:01:03]} Bh5+ {[%emt 00:00:27]} 60. g4 {[%clk 00:01:10]} {[%emt
00:00:02]} Be8 {[%clk 00:00:21]} {[%emt 00:00:01]} 61. h3 {[%clk 00:01:18]}
{[%emt 00:00:02]} Bd6 {[%clk 00:00:22]} {[%emt 00:00:09]} 62. Nf4 {[%clk
00:01:07]} {[%emt 00:00:21]} Bxf4 {[%clk 00:00:19]} {[%emt 00:00:13]} 63. Kxf4
{[%clk 00:01:15]} Kd6 {[%clk 00:00:27]} {[%emt 00:00:03]} 64. b4 {[%clk
00:00:56]} {[%emt 00:00:30]} Bf7 {[%clk 00:00:35]} {[%emt 00:00:01]} 65. g5
{[%clk 00:00:56]} {[%emt 00:00:10]} Bh5 {[%clk 00:00:44]} 66. Bd3 {[%clk
00:00:55]} {[%emt 00:00:11]} Bd1 {[%clk 00:00:41]} {[%emt 00:00:14]} 67. gxf6
{[%clk 00:00:37]} {[%emt 00:00:27]} gxf6 {[%clk 00:00:49]} {[%emt 00:00:02]} 68.
Bxb5 {[%clk 00:00:24]} {[%emt 00:00:23]} Bc2 {[%clk 00:00:57]} {[%emt
00:00:03]} 69. Be2 {[%clk 00:00:20]} {[%emt 00:00:13]} d3 {[%clk 00:01:05]}
{[%emt 00:00:03]} 70. Bf3 {[%clk 00:00:23]} {[%emt 00:00:07]} d2 {[%clk
00:01:14]} 71. Kg4 {[%clk 00:00:31]} {[%emt 00:00:01]} d1=Q {[%clk 00:00:58]}
{[%emt 00:00:26]} 72. Bxd1 {[%clk 00:00:40]} Bxd1+ {[%clk 00:01:06]} {[%emt
00:00:02]} 73. Kxh4 {[%clk 00:00:49]} Bf3 {[%clk 00:01:15]} {[%emt 00:00:02]}
74. Kg3 {[%clk 00:00:38]} {[%emt 00:00:20]} Bxe4 {[%clk 00:01:23]} {[%emt
00:00:02]} 75. Kf4 {[%clk 00:00:48]} Bd5 {[%clk 00:01:29]} {[%emt 00:00:05]} 76.
h4 {[%clk 00:00:40]} {[%emt 00:00:18]} Bg8 {[%clk 00:01:25]} {[%emt 00:00:13]}
77. Ke4 {[%clk 00:00:26]} {[%emt 00:00:24]} Bd5+ {[%clk 00:01:10]} {[%emt
00:00:25]} 78. Kd4 {[%clk 00:00:22]} {[%emt 00:00:14]} Bf3 {[%clk 00:01:16]}
{[%emt 00:00:04]} 79. Ke3 {[%clk 00:00:25]} {[%emt 00:00:08]} Bh5 {[%clk
00:00:47]} {[%emt 00:00:38]} 80. Kd4 {[%clk 00:00:31]} {[%emt 00:00:05]} Be8
{[%clk 00:00:28]} {[%emt 00:00:28]} 81. Ke4 {[%clk 00:00:38]} {[%emt 00:00:03]}
Ke7 {[%clk 00:00:22]} {[%emt 00:00:17]} 82. Kd5 {[%clk 00:00:40]} {[%emt
00:00:08]} Bd7 {[%clk 00:00:30]} {[%emt 00:00:01]} 83. Ke4 {[%clk 00:00:42]}
{[%emt 00:00:07]} Kf7 {[%clk 00:00:37]} {[%emt 00:00:04]} 84. Kf4 {[%clk
00:00:19]} {[%emt 00:00:33]} Kg7 {[%clk 00:00:45]} {[%emt 00:00:02]} 85. Ke4
{[%clk 00:00:20]} {[%emt 00:00:09]} Kh6 {[%clk 00:00:50]} {[%emt 00:00:05]} 86.
Kd5 {[%clk 00:00:20]} {[%emt 00:00:10]} Bxf5 {[%clk 00:00:58]} {[%emt
00:00:02]} 87. b5 {[%clk 00:00:24]} {[%emt 00:00:06]} Bh3 {[%clk 00:00:44]}
{[%emt 00:00:24]} 88. b6 {[%clk 00:00:25]} {[%emt 00:00:09]} Bc8 {[%clk
00:00:30]} {[%emt 00:00:24]} 89. b7 {[%clk 00:00:18]} {[%emt 00:00:18]} Bxb7+
{[%clk 00:00:31]} {[%emt 00:00:09]} 90. Ke6 {[%clk 00:00:27]} Kg7 {[%clk
00:00:39]} {[%emt 00:00:01]} 91. h5 {[%clk 00:00:35]} {[%emt 00:00:02]} Bc8+
{[%clk 00:00:48]} 92. Kd5 {[%clk 00:00:40]} {[%emt 00:00:05]} Kh6 {[%clk
00:00:56]} {[%emt 00:00:02]} 93. Ke4 {[%clk 00:00:48]} {[%emt 00:00:02]} Kxh5
{[%clk 00:01:04]} {[%emt 00:00:02]} 94. Kf4 {[%clk 00:00:44]} {[%emt 00:00:14]}
Kg6 {[%clk 00:01:12]} {[%emt 00:00:02]} 95. Kf3 {[%clk 00:00:46]} {[%emt
00:00:08]} f5 {[%clk 00:01:20]} {[%emt 00:00:02]} 96. Kf4 {[%clk 00:00:52]}
{[%emt 00:00:04]} Kf6 {[%clk 00:01:29]} 97. Kf3 {[%clk 00:01:01]} {[%emt
00:00:02]} Kg5 {[%clk 00:01:37]} 98. Kg3 {[%clk 00:01:10]} {[%emt 00:00:01]}
f4+ {[%clk 00:01:46]} {[%emt 00:00:01]} 99. Kf2 {[%clk 00:01:08]} {[%emt
00:00:12]} Kg4 {[%clk 00:01:55]} {[%emt 00:00:01]} 100. Kg2 {[%clk 00:01:16]}
{[%emt 00:00:02]} f3+ {[%clk 00:02:03]} 101. Kh2 {[%clk 00:00:52]} {[%emt
00:00:35]} Kf4 {[%clk 00:02:05]} {[%emt 00:00:08]} 102. Kh1 {[%clk 00:00:45]}
{[%emt 00:00:17]} Kg3 {[%clk 00:02:13]} {[%emt 00:00:02]} 103. Kg1 {[%clk
00:00:48]} {[%emt 00:00:06]} f2+ {[%clk 00:02:22]} {[%emt 00:00:02]} 104. Kh1
{[%clk 00:00:46]} {[%emt 00:00:12]} Bb7# {[%clk 00:02:31]} {[%emt 00:00:01]}
0-1

[Event "English Schools Championship Final 2024"]
[Site "Nottingham University Kings Meadow Campus, United Kingdom"]
[Date "2024.06.27"]
[Round "2.20"]
[White "Rebonato Scott, Sebastiano"]
[Black "Chen, Daniel Xingyu"]
[Result "1-0"]
[TimeControl "G50' + 10\" per move."]
[WhiteFideId "480827"]
[BlackFideId "469149"]
[WhiteElo "1883"]
[BlackElo "1845"]

1. e4 {[%clk 00:50:19]} c5 {[%clk 00:50:06]} {[%emt 00:00:14]} 2. Nf3 {[%clk
00:50:25]} {[%emt 00:00:04]} Nc6 {[%clk 00:50:11]} {[%emt 00:00:05]} 3. Bb5
{[%clk 00:50:32]} {[%emt 00:00:03]} g6 {[%clk 00:50:16]} {[%emt 00:00:06]} 4.
O-O {[%clk 00:50:21]} {[%emt 00:00:21]} Bg7 {[%clk 00:50:22]} {[%emt 00:00:03]}
5. Re1 {[%clk 00:50:03]} {[%emt 00:00:28]} Nd4 {[%clk 00:48:59]} {[%emt
00:01:33]} 6. Nxd4 {[%clk 00:49:27]} {[%emt 00:00:46]} cxd4 {[%clk 00:48:58]}
{[%emt 00:00:11]} 7. c3 {[%clk 00:48:00]} {[%emt 00:01:37]} a6 {[%clk
00:48:39]} {[%emt 00:00:29]} 8. Bc4 {[%clk 00:47:18]} {[%emt 00:00:52]} e6
{[%clk 00:47:39]} {[%emt 00:01:10]} 9. cxd4 {[%clk 00:43:46]} {[%emt 00:03:42]}
Bxd4 {[%clk 00:47:42]} {[%emt 00:00:07]} 10. Nc3 {[%clk 00:43:46]} {[%emt
00:00:10]} b5 {[%clk 00:45:59]} {[%emt 00:01:53]} 11. Bb3 {[%clk 00:43:23]}
{[%emt 00:00:34]} Bb7 {[%clk 00:42:22]} {[%emt 00:03:46]} 12. a4 {[%clk
00:41:48]} {[%emt 00:01:46]} Qf6 {[%clk 00:40:03]} {[%emt 00:02:29]} 13. Qe2
{[%clk 00:39:30]} {[%emt 00:02:28]} b4 {[%clk 00:38:44]} {[%emt 00:01:29]} 14.
Nd1 {[%clk 00:39:21]} {[%emt 00:00:19]} Ne7 {[%clk 00:34:17]} {[%emt 00:04:36]}
15. d3 {[%clk 00:38:05]} {[%emt 00:01:26]} Nc6 {[%clk 00:32:43]} {[%emt
00:01:44]} 16. Ne3 {[%clk 00:33:39]} {[%emt 00:04:36]} Na5 {[%clk 00:27:06]}
{[%emt 00:05:47]} 17. Bd1 {[%clk 00:31:06]} {[%emt 00:02:43]} h5 {[%clk
00:26:03]} {[%emt 00:01:13]} 18. Rb1 {[%clk 00:27:20]} {[%emt 00:03:55]} Nc6
{[%clk 00:23:14]} {[%emt 00:03:00]} 19. Nc4 {[%clk 00:26:21]} {[%emt 00:01:09]}
Bc5 {[%clk 00:22:20]} {[%emt 00:01:03]} 20. Be3 {[%clk 00:25:55]} {[%emt
00:00:37]} Bxe3 {[%clk 00:21:44]} {[%emt 00:00:46]} 21. Qxe3 {[%clk 00:24:59]}
{[%emt 00:01:07]} e5 {[%clk 00:21:17]} {[%emt 00:00:37]} 22. Nb6 {[%clk
00:24:42]} {[%emt 00:00:27]} Rd8 {[%clk 00:20:47]} {[%emt 00:00:39]} 23. Nd5
{[%clk 00:24:43]} {[%emt 00:00:10]} Qh4 {[%clk 00:12:40]} {[%emt 00:08:16]} 24.
g3 {[%clk 00:21:21]} {[%emt 00:03:33]} Qh3 {[%clk 00:12:44]} {[%emt 00:00:06]}
25. Qg5 {[%clk 00:21:17]} {[%emt 00:00:14]} Rc8 {[%clk 00:06:29]} {[%emt
00:06:24]} 26. Bb3 {[%clk 00:15:48]} {[%emt 00:05:39]} h4 {[%clk 00:04:01]}
{[%emt 00:02:38]} 27. g4 {[%clk 00:13:50]} {[%emt 00:02:08]} Qxd3 {[%clk
00:04:06]} {[%emt 00:00:05]} 28. Rbc1 {[%clk 00:11:44]} {[%emt 00:02:17]} Qxb3
{[%clk 00:03:39]} {[%emt 00:00:37]} 29. Rxc6 {[%clk 00:11:48]} {[%emt
00:00:06]} Qxd5 {[%clk 00:03:18]} {[%emt 00:00:30]} 30. Rxc8+ {[%clk 00:11:43]}
{[%emt 00:00:15]} 1-0

[Event "English Schools Championship Final 2024"]
[Site "Nottingham University Kings Meadow Campus, United Kingdom"]
[Date "2024.06.27"]
[Round "2.21"]
[White "Vaidyanathan, Sathya"]
[Black "Vyas, Alisha"]
[Result "1-0"]
[TimeControl "G50' + 10\" per move."]
[WhiteFideId "490539"]
[BlackFideId "461318"]
[WhiteElo "1881"]
[BlackElo "1938"]

1. b4 {[%clk 00:50:11]} {[%emt 00:00:09]} Nf6 {[%clk 00:47:11]} {[%emt
00:03:09]} 2. Bb2 {[%clk 00:50:12]} {[%emt 00:00:10]} g6 {[%clk 00:47:16]}
{[%emt 00:00:05]} 3. c4 {[%clk 00:50:18]} {[%emt 00:00:03]} Bg7 {[%clk
00:47:23]} {[%emt 00:00:03]} 4. Nf3 {[%clk 00:50:20]} {[%emt 00:00:08]} d6
{[%clk 00:46:33]} {[%emt 00:01:00]} 5. e3 {[%clk 00:50:27]} {[%emt 00:00:03]}
e5 {[%clk 00:45:13]} {[%emt 00:01:31]} 6. d4 {[%clk 00:49:41]} {[%emt
00:00:55]} exd4 {[%clk 00:45:01]} {[%emt 00:00:22]} 7. Nxd4 {[%clk 00:48:12]}
{[%emt 00:01:39]} O-O {[%clk 00:44:43]} {[%emt 00:00:28]} 8. Nc3 {[%emt
00:00:27]} c6 {[%clk 00:38:06]} {[%emt 00:06:46]} 9. Be2 {[%clk 00:47:40]}
{[%emt 00:00:26]} d5 {[%clk 00:37:39]} {[%emt 00:00:37]} 10. c5 {[%clk
00:41:22]} {[%emt 00:06:29]} b6 {[%clk 00:32:27]} {[%emt 00:05:21]} 11. cxb6
{[%clk 00:38:48]} {[%emt 00:02:44]} Qxb6 {[%clk 00:28:58]} {[%emt 00:03:38]} 12.
a3 {[%clk 00:37:14]} {[%emt 00:01:46]} c5 {[%clk 00:26:23]} {[%emt 00:02:45]}
13. Na4 {[%clk 00:36:55]} {[%emt 00:00:29]} Qc7 {[%clk 00:21:27]} {[%emt
00:05:05]} 14. Nxc5 {[%clk 00:35:47]} {[%emt 00:01:18]} Nbd7 {[%clk 00:11:19]}
{[%emt 00:10:17]} 15. Nxd7 {[%clk 00:32:31]} {[%emt 00:03:27]} Bxd7 {[%clk
00:11:06]} {[%emt 00:00:23]} 16. Rc1 {[%clk 00:31:59]} {[%emt 00:00:43]} Qb6
{[%clk 00:10:55]} {[%emt 00:00:17]} 17. O-O {[%clk 00:31:53]} {[%emt 00:00:19]}
Rfc8 {[%clk 00:08:08]} {[%emt 00:02:57]} 18. Qb3 {[%clk 00:29:39]} {[%emt
00:02:24]} Re8 {[%clk 00:03:34]} {[%emt 00:04:43]} 19. Bf3 {[%clk 00:28:09]}
{[%emt 00:01:41]} Qd6 {[%clk 00:03:29]} {[%emt 00:00:14]} 20. Rc5 {[%clk
00:26:19]} {[%emt 00:02:01]} Be6 {[%clk 00:03:18]} {[%emt 00:00:21]} 21. Nb5
{[%clk 00:23:01]} {[%emt 00:03:29]} Qb8 {[%clk 00:01:14]} {[%emt 00:02:10]} 22.
Nc7 {[%clk 00:19:01]} {[%emt 00:04:14]} Rc8 {[%clk 00:00:22]} {[%emt 00:01:01]}
23. Rfc1 {[%clk 00:14:58]} {[%emt 00:04:12]} a5 {[%clk 00:00:17]} {[%emt
00:00:15]} 24. Bxf6 {[%clk 00:14:21]} {[%emt 00:00:46]} Bxf6 {[%clk 00:00:15]}
{[%emt 00:00:14]} 25. Nxe6 {[%clk 00:11:07]} {[%emt 00:03:24]} Rxc5 {[%clk
00:00:14]} {[%emt 00:00:11]} 26. Nxc5 {[%clk 00:11:09]} {[%emt 00:00:07]} Qd6
{[%clk 00:00:13]} {[%emt 00:00:11]} 27. Qxd5 {[%clk 00:10:54]} {[%emt
00:00:25]} Qxd5 {[%clk 00:00:17]} {[%emt 00:00:06]} 28. Bxd5 {[%clk 00:10:59]}
{[%emt 00:00:05]} Rd8 {[%clk 00:00:26]} 29. Bf3 {[%clk 00:10:46]} {[%emt
00:00:24]} Bb2 {[%clk 00:00:34]} {[%emt 00:00:01]} 30. Rb1 {[%clk 00:09:47]}
{[%emt 00:01:08]} Bxa3 {[%clk 00:00:39]} {[%emt 00:00:06]} 31. Nb7 {[%clk
00:09:47]} {[%emt 00:00:10]} Rb8 {[%clk 00:00:14]} {[%emt 00:00:36]} 32. bxa5
{[%clk 00:09:42]} {[%emt 00:00:14]} Bc5 {[%clk 00:00:16]} {[%emt 00:00:07]} 33.
a6 {[%clk 00:09:23]} {[%emt 00:00:30]} Ba7 {[%clk 00:00:15]} {[%emt 00:00:11]}
34. g3 {[%clk 00:09:23]} {[%emt 00:00:10]} f5 {[%clk 00:00:15]} {[%emt
00:00:09]} 35. Rd1 {[%clk 00:09:20]} {[%emt 00:00:14]} Rc8 {[%clk 00:00:14]}
{[%emt 00:00:11]} 36. Rd8+ {[%clk 00:09:26]} {[%emt 00:00:04]} Rxd8 {[%clk
00:00:18]} {[%emt 00:00:06]} 37. Nxd8 {[%clk 00:09:35]} {[%emt 00:00:01]} Bb6
{[%clk 00:00:19]} {[%emt 00:00:09]} 38. Nc6 {[%clk 00:09:41]} {[%emt 00:00:04]}
1-0

[Event "English Schools Championship Final 2024"]
[Site "Nottingham University Kings Meadow Campus, United Kingdom"]
[Date "2024.06.27"]
[Round "2.22"]
[White "Yu, Daniel"]
[Black "Karim, Taha"]
[Result "1-0"]
[TimeControl "G50' + 10\" per move."]
[WhiteFideId "472077"]
[WhiteElo "2017"]
[BlackElo "1692"]

1. c4 {[%clk 00:50:18]} {[%emt 00:00:01]} Nf6 {[%clk 00:50:18]} {[%emt
00:00:03]} 2. Nc3 {[%clk 00:50:22]} {[%emt 00:00:06]} e6 {[%clk 00:50:13]}
{[%emt 00:00:15]} 3. g3 {[%clk 00:50:23]} {[%emt 00:00:09]} d5 {[%clk
00:50:10]} {[%emt 00:00:13]} 4. d4 {[%clk 00:50:26]} {[%emt 00:00:07]} b6
{[%clk 00:49:34]} {[%emt 00:00:46]} 5. Bg2 {[%clk 00:50:32]} {[%emt 00:00:05]}
Bb7 {[%clk 00:49:35]} {[%emt 00:00:07]} 6. Nf3 {[%clk 00:49:18]} {[%emt
00:01:25]} Nbd7 {[%clk 00:49:35]} {[%emt 00:00:10]} 7. cxd5 {[%clk 00:49:02]}
{[%emt 00:00:26]} exd5 {[%clk 00:49:20]} {[%emt 00:00:24]} 8. O-O {[%clk
00:48:42]} {[%emt 00:00:30]} Be7 {[%clk 00:48:54]} {[%emt 00:00:37]} 9. Ne5
{[%clk 00:45:38]} {[%emt 00:03:14]} O-O {[%clk 00:48:26]} {[%emt 00:00:37]} 10.
Qb3 {[%clk 00:42:38]} {[%emt 00:03:10]} Nxe5 {[%clk 00:39:30]} {[%emt
00:09:06]} 11. dxe5 {[%clk 00:42:43]} {[%emt 00:00:05]} Ne4 {[%clk 00:39:26]}
{[%emt 00:00:15]} 12. Nxe4 {[%clk 00:41:10]} {[%emt 00:01:42]} dxe4 {[%clk
00:39:29]} {[%emt 00:00:07]} 13. Rd1 {[%clk 00:41:06]} {[%emt 00:00:14]} Qc8
{[%clk 00:38:12]} {[%emt 00:01:27]} 14. Be3 {[%clk 00:37:02]} {[%emt 00:04:14]}
a5 {[%clk 00:35:36]} {[%emt 00:02:46]} 15. Qc2 {[%clk 00:35:44]} {[%emt
00:01:28]} f5 {[%clk 00:31:41]} {[%emt 00:04:06]} 16. Rac1 {[%clk 00:33:26]}
{[%emt 00:02:28]} c5 {[%clk 00:30:29]} {[%emt 00:01:20]} 17. Qb3+ {[%clk
00:33:15]} {[%emt 00:00:23]} Kh8 {[%clk 00:29:26]} {[%emt 00:01:12]} 18. Qxb6
{[%clk 00:33:13]} {[%emt 00:00:13]} Ra6 {[%clk 00:28:09]} {[%emt 00:01:26]} 19.
Qb3 {[%clk 00:32:43]} {[%emt 00:00:40]} a4 {[%clk 00:23:17]} {[%emt 00:05:02]}
20. Qa3 {[%clk 00:29:39]} {[%emt 00:03:15]} Re8 {[%clk 00:19:55]} {[%emt
00:03:32]} 21. Bxc5 {[%clk 00:25:35]} {[%emt 00:04:14]} Rc6 {[%clk 00:19:10]}
{[%emt 00:00:55]} 22. b4 {[%clk 00:25:21]} {[%emt 00:00:24]} Bxc5 {[%clk
00:15:35]} {[%emt 00:03:44]} 23. Rxc5 {[%clk 00:25:17]} {[%emt 00:00:14]} Rxc5
{[%clk 00:14:14]} {[%emt 00:01:31]} 24. bxc5 {[%clk 00:25:26]} {[%emt
00:00:02]} Rxe5 {[%clk 00:12:42]} {[%emt 00:01:41]} 25. Qxa4 {[%clk 00:25:00]}
{[%emt 00:00:36]} Rxc5 {[%clk 00:09:25]} {[%emt 00:03:27]} 26. Qd7 {[%clk
00:22:35]} {[%emt 00:02:35]} h6 {[%clk 00:08:45]} {[%emt 00:00:51]} 27. Bh3
{[%clk 00:21:47]} {[%emt 00:00:58]} Qxd7 {[%clk 00:06:58]} {[%emt 00:01:56]} 28.
Rxd7 {[%clk 00:21:55]} {[%emt 00:00:02]} Bc6 {[%clk 00:04:57]} {[%emt
00:02:11]} 29. Rc7 {[%clk 00:21:21]} {[%emt 00:00:45]} Rc1+ {[%clk 00:04:43]}
{[%emt 00:00:24]} 30. Bf1 {[%clk 00:21:19]} {[%emt 00:00:12]} Rc2 {[%clk
00:03:49]} {[%emt 00:01:03]} 31. e3 {[%clk 00:21:14]} {[%emt 00:00:15]} Ba4
{[%clk 00:03:22]} {[%emt 00:00:37]} 32. Rxc2 {[%clk 00:21:14]} {[%emt
00:00:11]} Bxc2 {[%clk 00:03:31]} {[%emt 00:00:01]} 33. Bb5 {[%clk 00:20:53]}
{[%emt 00:00:30]} Bb1 {[%clk 00:02:28]} {[%emt 00:01:14]} 34. a4 {[%clk
00:20:58]} {[%emt 00:00:05]} Ba2 {[%clk 00:02:31]} {[%emt 00:00:07]} 35. Bc6
{[%clk 00:20:27]} {[%emt 00:00:41]} Bc4 {[%clk 00:02:25]} {[%emt 00:00:16]} 36.
Bb7 {[%clk 00:20:17]} {[%emt 00:00:20]} 1-0